| 000 | 00543nam a2200241 a 4500 | ||
|---|---|---|---|
| 001 | nice12345678 | ||
| 003 | IN_TiNIC | ||
| 005 | 20260116011345.0 | ||
| 008 | 050524s1958 muma grp 000 0 eng | ||
| 020 |
_a _c0 |
||
| 082 | 0 | 0 |
_a953 _bKAR |
| 100 | _aKaranjia, R K | ||
| 245 | _aArab Dawn | ||
| 260 |
_aMumbai _bJaico Pub.House _c1958 |
||
| 300 | _a414p | ||
| 500 | _aincludes index and biblioraphy | ||
| 505 | 2 | _aAppendex | |
| 650 | _aArabs-History | ||
| 700 | 1 | _aKaranjia, R K | |
| 902 | _bSRS | ||
| 942 | _cBK | ||
| 999 |
_c813 _d813 |
||